| 000 | 00333nam a2200133Ia 4500 | ||
|---|---|---|---|
| 005 | 20251222143227.0 | ||
| 008 | 251222s9999||||xx |||||||||||||| ||spa|| | ||
| 020 | _a9972-57-076-2 | ||
| 082 | _a331.257/Y11 | ||
| 100 | _aYamada Fukusaki, Gustavo | ||
| 245 | 0 | _aHoras de trabajo: | |
| 264 | _bUniversidad del PacĂfico | ||
| 942 | _cLIB | ||
| 999 |
_c14031 _d14031 |
||